000 01146nam a2200481Ia 4500
001 13423
003 26007
005 20240712160443.0
008 ||||||n9999 ||| || ||
041 _aspa
082 _221
_a338
100 _aSolomón, Morris
_921663
245 0 _aAnálisis de proyectos
_bun sistema de formulación y evaluación de proyectos
250 _aSegunda edición
260 _aEstados Unidos :
_bOrganización de los Estados Americanos,
_c1965.
300 _a204p
562 _e5
650 _aDISEÑO DE PROYECTOS
_99143
650 _aFORMULACIÓN DE PROYECTOS
_916518
650 _aGUIA TECNICA
_9316
650 _aOEA
_94655
650 _aPLANIFICACIÓN DE PROYECTOS
_916530
942 _cBKM
999 _c13423
_d13423
526 _a17598
526 _a102617
526 _a102618
526 _a15794
526 _a102619
526 _a102620
526 _a10406
526 _a105630
526 _a1698
526 _a116204
526 _a4969
526 _a19790
526 _a104436
526 _a5144
526 _a51868
526 _a3899
526 _a9683
526 _a1703
526 _a1697